Préfectures de France : Le-Puy-en-Velay - Statistiques

Statistiques générales
  • Ce quiz a été pris 23 fois
  • Le résultat moyen est 9 sur 25
Statistiques - réponses
Question Réponse % Correct
Quel numéro porte celui-ci ? 43
95%
A quelle région administrative appartient la ville depuis 2015 ? Auvergne-Rhône-Alpes
95%
La ville appartient à l'académie de/d' Clermont-Ferrand
95%
De quel département est-ce la préfecture ? Haute-Loire
95%
Comment se nomment ses habitants ? Ponots | Aniciens
70%
Quelles sont les sous-préfectures qui en dépendent ? Brioude
65%
La cathédrale est dédiée à Notre-Dame | Vierge
65%
Quelles sont les sous-préfectures qui en dépendent ? Yssingeaux
60%
La couleur principale du fond du blason est l'/le/la Bleu
50%
Les communes limitrophes dont le nom commence par C sont Chadrac
45%
Quel célèbre maroquinier est propriétaire des Tanneries du Puy-en-Velay Hermès
25%
La rivière qui conflue avec la Loire près du Puy est le/la Borne
20%
L'aéroport local est sur la commune de Chaspuzac
20%
La ville appartient au diocèse de/d' Le-Puy-en-Velay
20%
La statue qui domine la ville est appelée Notre-Dame-de-France
20%
Quel animal est présent sur le blason ? Aigle
15%
Le journal local est Le Progrès
15%
La célèbre Vierge noire a été offerte par le roi Louis IX | St Louis
15%
Le peuple gaulois qui l'occupe est celui des Vellaves
15%
Le nom médiéval de la ville est Anicium
10%
Les communes limitrophes dont le nom commence par C sont Ceyssac
5%
Le 1er évêque installé dans la ville est Evode | Vosy
5%
Le point escarpé principal de la ville est le (2 mots) Rocher Corneille
5%
Ville anglaise jumelée avec Le Puy Tonbridge
5%
La voie qui mène à St Jacques de Compostelle au départ du Puy est appelée Via Podiensis
5%
Aucun quiz correspondant
Distribution des résultats
% des personnes avec chaque résultat
Percentile par nombre de réponses
Votre historique - résultats
Vous n’avez pas pris ce quiz